00850nam a22002417a 450000500170000001000130001702000220003003500130005203700160006504000120008108200150009310000280010824500750013626000400021127000450025130000200029650000260031665000290034265000370037194200240040899900190043295201570045120170124105932.0 aA-728392 c00.00a8170237205 aA-728392 bCen Lib/Ret aDPLbEN a302.2bMAT aMathur, Kanwar B.98681 aCommunication for development and social change/cby Kanwar B. Mathur  aNew DelhibAllied publishers c1994 bNew Delhia13/14, asaf ali road e110002 a122p.c21cm(Hb) aIncludes bibliography aSocial development91695 aCommunacations development98682 2ddccENh302.2mMAT c123950d123950 04104070aLbLd2015-06-13eCen Lib/Retg0.00l0o302.2 MATpA-728392r2015-06-13 00:00:00t1v0.00w2015-06-13yENzW/d List No. 6845/12 : dtd 9/7/20